| 000 | 01855nam0a2200337 4500 | ||
|---|---|---|---|
| 001 | RU\NLR\bibl\4612 | ||
| 005 | 20260409072209.0 | ||
| 010 |
_a5-7864-0044-1 _910000 |
||
| 021 |
_aRU _b98-4445 _9213 |
||
| 035 | _a(NLR Aleph) 000004477 | ||
| 090 |
_a11599 _c11599 |
||
| 100 | _a19980806d1997 |||y0rusy50 ca | ||
| 101 | 0 | _arus | |
| 102 | _aRU | ||
| 105 | _a||||||||||||| | ||
| 200 | 1 |
_aФедеральный Конституционный закон "Об арбитражных судах в Российской Федерации" _e[Принят Гос. Думой 5 апр.1995 г.] _aАрбитражный процессуальный кодекс Росссийской Федерации _e[Принят Гос. ДумоЙ 5 апр. 1995 г.] _eПо состоянию на 1 июля 1997 г. |
|
| 210 |
_aМ. _cНовая волна _d1997 |
||
| 215 |
_a126 с. _d21 |
||
| 606 | 0 |
_aАрбитражные суды _jЗаконы, постановления и т.п. _yРоссийская Федерация _92092849 _3RU\NLR\auth\661266575 |
|
| 606 | 0 |
_aАрбитражные суды _jЗаконодательные материалы _yРоссийская Федерация _92092849 _3RU\NLR\auth\661266575 |
|
| 606 |
_aАрбитражный процессуальный кодекс _yРоссийская Федерация _3RU\NLR\auth\66973390 _91541619 |
||
| 686 | _aХ629.221-39(2Р) | ||
| 686 | _aХ629.221-324.9(2Р) | ||
| 740 | 1 |
_aРоссийская Федерация _tЗаконы _3RU\NLR\AUTH\883331 _9277893 |
|
| 741 | 1 |
_aРоссийская Федерация _tЗаконы _iАрбитражный процессуальный кодекс _3RU\NLR\AUTH\880379475 _9425334 |
|
| 801 | 0 |
_aRU _bNLR _c19980806 _gPSBO |
|
| 801 | 1 |
_aRU _bNLR _c19980806 |
|
| 852 |
_aNLR _j98-3/2357 |
||
| 942 | _cBOOK | ||
| 980 | _aNB | ||